Cómo llegó la guerra a América. (Record no. 184987)

MARC details
000 -LEADER
campo de control de longitud fija 00434nam a2200145 i 4500
001 - NÚMERO DE CONTROL
campo de control 184987
003 - IDENTIFICADOR DE NÚMERO DE CONTROL
campo de control ES-MaACL
005 - FECHA Y HORA DE LA ÚLTIMA TRANSACCIÓN
campo de control 20230906222327.0
008 - DATOS DE LONGITUD FIJA--INFORMACIÓN GENERAL
campo de control de longitud fija 160303s1918 sp |||| | spa d
245 00 - MENCIÓN DEL TÍTULO
Título Cómo llegó la guerra a América.
260 ## - PUBLICACIÓN, DISTRIBUCIÓN, ETC.
Lugar de publicación, distribución, etc. [S.l :
Nombre del editor, distribuidor, etc. s.n.,
Fecha de publicación, distribución, etc. 1918?] (
Fabricante Imp. Moderna, Bruch, 62)
300 ## - DESCRIPCIÓN FÍSICA
Extensión 16 p. ;
Dimensiones 21 cm.
650 #4 - PUNTO DE ACCESO ADICIONAL DE MATERIA--TÉRMINO DE MATERIA
Término de materia o nombre geográfico como elemento de entrada Guerra mundial, 1914-1918-
Subdivisión geográfica Estados Unidos.
9 (RLIN) 158928
852 ## - LOCALIZACIÓN
Ubicación ES-MaACL
Número de control de estantería 1560-F-5
Holdings
Estatus retirado Estado de pérdida Estado de daño No para préstamo Colección Biblioteca de origen Biblioteca actual Ubicación en estantería Fecha de adquisición Fuente de adquisición Total de préstamos Signatura topográfica completa Código de barras Visto por última vez Precio de reemplazo Tipo de ítem Koha
        Colección de folletos Biblioteca del Ateneo de Madrid Biblioteca del Ateneo de Madrid Depósito folletos 03/03/2016     1560-F-5 1194846 23/02/2023 23/02/2023 Folleto